000 00739nam a2200217 a 4500
001 000045104
005 20201002045900.0
008 150202s1966 sp 000 0 spa d
040 _aDO-SdBNP
_bspa
_cBNPHU
041 1 7 _aspa
_heng
082 _axxxx
_bxxxx
100 1 _aAron, Raymond
_940447
240 1 0 _aLa lutte de classes.
_lEspañol
245 1 3 _aLa lucha de clases /
_cRaymond Aron ; traducción Antonio Valiente.
260 _aBarcelona :
_bSeix Barral,
_c1966.
300 _a292 p. :
_bil. ;
_c20 cm.
490 1 _aCiencias humanas
_abiblioteca breve
500 _aPerteneció a la biblioteca personal de Germán Emilio Ornes
700 1 2 _aValiente, Antonio,
_etr.
_973124
830 0 _aCiencias humanas ;
_pbiblioteca breve
_973125
999 _c44593
_d44593